000 01269cam a2200349 i 4500
999 _c478669
_d478669
001 17854252
003 NUST
005 20180702104851.0
008 130815s2014 ctu b 001 0 eng
010 _a 2013031950
020 _a9780300166316 (clothbound : alk. paper)
038 _aazhar
040 _aDLC
_beng
_cDLC
_erda
_dDLC
042 _apcc
050 0 0 _aHQ799.2.I5
_bB68 2014
082 0 0 _a004.67/80835
_223
100 1 _aboyd, danah
_q(danah michele),
_d1977-
_911371
245 1 0 _aIt's complicated :
_bthe social lives of networked teens /
_cDanah Boyd.
264 1 _aNew Haven :
_bYale University Press,
_c[2014]
300 _axi, 281 pages ;
_c22 cm
336 _atext
_2rdacontent
337 _aunmediated
_2rdamedia
338 _avolume
_2rdacarrier
504 _aIncludes bibliographical references and index.
650 0 _aInternet and teenagers.
_911372
650 0 _aOnline social networks.
_911373
650 0 _aTeenagers
_xSocial life and customs
_y21st century.
_911374
650 0 _aInformation technology
_xSocial aspects.
_911375
906 _a7
_bcbc
_corignew
_d1
_eecip
_f20
_gy-gencatlg
942 _2ddc
_cBK